书目信息 |
| 题名: |
如此西欧
|
|
| 作者: | 车耳 著 | |
| 分册: | ||
| 出版信息: | 北京 科学出版社 2006.09 |
|
| 页数: | 258页 | |
| 开本: | 24cm | |
| 丛书名: | ||
| 单 册: | ||
| 中图分类: | K956 | |
| 科图分类: | ||
| 主题词: | 地理 | |
| 电子资源: | ||
| ISBN: | 7-03-011974-6 | |
| 000 | 00567 nam 000229 | |
| 001 | 0100002148 | |
| 005 | 20070901111217.95 | |
| 010 | @a7-03-011974-6@dCNY25.00 | |
| 100 | @a20070807d2006 em y0chiy0121 ea | |
| 101 | @achi | |
| 102 | @aCN@b110000 | |
| 105 | @ay z 000yy | |
| 200 | 10 | @a如此西欧@9ru ci xi ou@f车耳著@Fche er zhu |
| 210 | @a北京@c科学出版社@d2006.09 | |
| 215 | @a258页@d24cm | |
| 300 | @a车耳旅居文化系列 | |
| 606 | @a地理 | |
| 690 | @aK956@v4 | |
| 701 | 0 | @a车耳@9che er@4著 |
| 801 | @aCN@c20070901 | |
| 901 | @a000003 | |
| 905 | @dK956@eC327 | |
| 如此西欧/车耳著.-北京:科学出版社,2006.09 |
| 258页;24cm |
| 车耳旅居文化系列 |
| ISBN 7-03-011974-6:CNY25.00 |
| ● |
| 相关链接 |
|
|
|
正题名:如此西欧
索取号:K956/C327
 
预约/预借
| 序号 | 登录号 | 条形码 | 馆藏地/架位号 | 状态 | 备注 |
| 1 | 644644 | 206446443 | 社科库309/309社科库 28排3列2层/ [索取号:K956/C327] | 在馆 | |
| 2 | 644645 | 206446452 | 社科库309/309社科库 28排3列2层/ [索取号:K956/C327] | 在馆 | |
| 3 | 644646 | 206446461 | 社科库309/309社科库 28排3列2层/ [索取号:K956/C327] | 在馆 |